Những vấn đề thi pháp Đôxtôiepxki

Các tiểu thuyết của Đôxtôievxki và việc lý giải chúng trong phê bình văn học. Thế giới nhân vật và quan điểm của tác giả về nhân vật trong sáng tác của Đôxtôievxki. Tư tưởng của Đôxtôievxki. Đặc điểm về kết cấu, thể loại và văn phong củ...

Deskribapen osoa

Gorde:
Xehetasun bibliografikoak
Egile nagusia: M.Bakhin
Beste egile batzuk: Trần, Đình Sử
Formatua: Liburua
Hizkuntza:Undetermined
Argitaratua: H. Giáo dục 1998
Gaiak:
Sarrera elektronikoa:http://lrc.tdmu.edu.vn/opac/search/detail.asp?aID=2&ID=6493
Etiketak: Etiketa erantsi
Etiketarik gabe, Izan zaitez lehena erregistro honi etiketa jartzen!
Thư viện lưu trữ: Trung tâm Học liệu Trường Đại học Thủ Dầu Một
LEADER 01002nam a2200217Ia 4500
001 TDMU_6493
008 210410s9999 xx 000 0 und d
082 |a 808.3 
090 |b M.B103 
100 |a M.Bakhin 
245 0 |a Những vấn đề thi pháp Đôxtôiepxki 
245 0 |c M.Bakhin 
260 |a H. 
260 |b Giáo dục 
260 |c 1998 
300 |a 276tr 
520 |a Các tiểu thuyết của Đôxtôievxki và việc lý giải chúng trong phê bình văn học. Thế giới nhân vật và quan điểm của tác giả về nhân vật trong sáng tác của Đôxtôievxki. Tư tưởng của Đôxtôievxki. Đặc điểm về kết cấu, thể loại và văn phong của Đôxtôievxki 
650 |a Văn học Nga 
700 |a Trần, Đình Sử 
856 |u http://lrc.tdmu.edu.vn/opac/search/detail.asp?aID=2&ID=6493 
980 |a Trung tâm Học liệu Trường Đại học Thủ Dầu Một